000 00849nac a22002537a 4500
001 BR9502647
003 BR-BrBNA
005 20240105121628.0
008 230509b bl.|||m| |||| 00| 0 por d
040 _aBR-BrBNA
_bpor
_cBiblioteca Nacional de Agricultura
072 _aE71
090 _a0180 BR9502647
100 1 _aLavinas, L.
100 1 _aMagina, M.A.
110 1 _aInstituto de Pesquisa Economica Aplicada, Brasilia, DF (Brasil)
245 1 _aGender, technology and environment: The Impacts of Mercosul in Brazilian Wheat Farming
260 3 _aBrasilia, DF (Brasil):
_c1994.
300 _a66 p.
490 _aTexto para Discussao - Instituto de Pesquisa Economica Aplicada (Brazil)_
_vno. 360
_x
650 _aTrigo
650 _aMercado Internacional
909 _a202312
_bLúcia Elande
_c55
_dLúcia Elande
942 _2AGRIS
_n0
_cMS
999 _c286444
_d286444